000 nam a22 a 4500
999 _c190
_d190
003 AKMAL
005 20170425151739.0
008 170425s2003 my 00 may d
020 _a9678912651 (kkt.)
_a(RM37.50)
082 0 4 _a959.5 MAL
090 0 0 _a959.5
_bMAL
245 0 0 _aMalaysia kita :
_bpanduan dan rujukan untuk peperiksaan am kerajaan
250 _aEd. terbaru
260 _aPetaling Jaya :
_bInternational Law Book Services,
_c2003
300 0 0 _a599ms. :
_bil., peta ;
_c23cm
504 _aBibliografi: ms. 599
651 0 _aMalaysia
_xHistory
_9434
651 0 _aMalaysia
_xPolitics and government
_944
651 0 _aMalaysia
_xEconomic conditions
_963
651 0 _aMalaysia
_xSocial conditions
_945
651 0 _aMalaysia
_xPublic administration
_9433
942 _2ddc
_cBOOK